000 00442nam a2200157 i 4500
001 65808
003 ES-MaACL
005 20230906165456.0
007 t|
008 040121s1947 sp ||||1| spa d
100 1 _aFuentes Irurozqui, Manuel.
_952929
245 1 3 _aLa Economía deformada /
_cManuel Fuentes Irurozqui.
260 _aMadrid :
_b[M.I.C.],
_c1947 (
_fDiana)
300 _a122 p. ;
_c17 cm.
852 _aES-MaACL
_jF-12877
_bR.23828
999 _c65808
_d65808